US Cities With The Most High-Rise Buildings - Statistics

General Stats
  • This quiz has been taken 126 times
  • The average score is 9 of 10
Answer Stats
US City # of high-rise buildings % Correct
Chicago 1,180
99%
Los Angeles 518
99%
New York City 6,229
99%
Miami 305
95%
San Francisco 432
95%
Houston 383
92%
Dallas 246
91%
Philadelphia 330
88%
Washington DC 330
59%
Honolulu 451
39%
No matching quizzes found
Score Distribution
Percent of People with Each Score
Percentile by Number Answered
Your Score History
You have not taken this quiz